Once there was a house : (Record no. 103750)
[ view plain ]
| 000 -LEADER | |
|---|---|
| fixed length control field | 00821nam a2200205 a 4500 |
| 005 - DATE AND TIME OF LATEST TRANSACTION | |
| control field | 20140412111307.0 |
| 008 - FIXED-LENGTH DATA ELEMENTS--GENERAL INFORMATION | |
| fixed length control field | 001116s19uu xx 00 eng d |
| 020 ## - INTERNATIONAL STANDARD BOOK NUMBER | |
| International Standard Book Number | 0-394-88772-7 |
| 050 ## - LIBRARY OF CONGRESS CALL NUMBER | |
| Classification number | TR(PS E |
| Item number | On1 1996 |
| 100 ## - MAIN ENTRY--PERSONAL NAME | |
| Personal name | Hindley, Judy |
| 245 ## - TITLE STATEMENT | |
| Title | Once there was a house : |
| Remainder of title | and you can make it / |
| Statement of responsibility, etc | devised by Gregg Reyes; written by Judy Hindley. |
| 260 ## - PUBLICATION, DISTRIBUTION, ETC. (IMPRINT) | |
| Place of publication, distribution, etc | New York : |
| Name of publisher, distributor, etc | Random House, |
| Date of publication, distribution, etc | 1987. |
| 300 ## - PHYSICAL DESCRIPTION | |
| Extent | 32 p. ; col. ; ill. |
| 440 ## - SERIES STATEMENT/ADDED ENTRY--TITLE | |
| Title | Please Read To Me. A Make-and-play pictureback |
| 520 ## - SUMMARY, ETC. | |
| Summary, etc | A Small story of children playing imaginatively with carrots and other household materials used as houses, furniture, gas station, and tools is accompanied by the directions for making these things. |
| 650 ## - SUBJECT ADDED ENTRY--TOPICAL TERM | |
| Topical term or geographic name as entry element | Play--Fiction |
| 650 ## - SUBJECT ADDED ENTRY--TOPICAL TERM | |
| Topical term or geographic name as entry element | Handicraft |
| 650 ## - SUBJECT ADDED ENTRY--TOPICAL TERM | |
| Topical term or geographic name as entry element | Houses--Fiction |
| Withdrawn status | Lost status | Damaged status | Use restrictions | Home library | Current library | Shelving location | Date acquired | Source of acquisition | Total Checkouts | Full call number | Barcode | Date last seen | Price effective from | Koha item type |
|---|---|---|---|---|---|---|---|---|---|---|---|---|---|---|
| Elizalde Library | Elizalde Library | Teachers Reference Section | 11/16/2000 | TR(PS E On1 1996 | E5817 | 04/12/2014 | 04/12/2014 | Books |